Statistics for Suriname First Level Subdivisions

Click here to take the quiz!

General Stats

  • This quiz has been taken 84 times
  • The average score is 6 of 10

Answer Stats

Districten% Correct
Para
96%
Paramaribo
92%
Coronie
60%
Nickerie
60%
Sipaliwini
60%
Brokopondo
56%
Commewijne
48%
Marowijne
48%
Wanica
48%
Saramacca
44%

Score Distribution

Percentile by Number Answered

Percent of People with Each Score

Your Score History

You have not taken this quiz